00413nam a2200169Ia 4500003000400000005001700004008004100021040000700062041000800069082002100077100001400098245003800112260004700150365001300197650001900210650001400229OSt20230608114538.0210423s2003 xx 000 0 und d cAL aeng a305.5 223bSENP aSEN (R K) aProblems of child labour in india aNew DelhibDeep and deep publicationc2003 b550cINR aSocial Classes aSociology